[Event "Open Qualificatif Meyreuil"]
[Site "?"]
[Date "2006.05.13"]
[Round "8"]
[White "Gozzo, Jean-Claude"]
[Black "Bordenave, Robert"]
[Result "1/2-1/2"]
[WhiteElo "1780"]
[BlackElo "1690"]
[PlyCount "60"]
[EventDate "2006.01.28"]
[SourceDate "2005.11.05"]

1. d4 d5 2. e3 c6 3. Bd3 Nf6 4. f4 Bg4 5. Nf3 e6 6. Nbd2 Be7 7. O-O O-O 8. c3
c5 9. Qe1 Bf5 10. Bxf5 exf5 11. Ne5 cxd4 12. exd4 Nc6 13. Rf3 g6 14. Re3 Re8
15. Kh1 Rc8 16. Qe2 Nxe5 17. fxe5 Ne4 18. Nxe4 fxe4 19. Qg4 Qb6 20. h4 Qe6 21.
Qxe6 fxe6 22. Rh3 Rf8 23. Be3 Rf7 24. Rg1 Kg7 25. g4 Rcf8 26. h5 g5 27. Rgg3
Rf1+ 28. Rg1 R8f3 29. Kg2 Rxh3 30. Kxh3 Rf3+ 1/2-1/2

[Event "Open Qualificatif Meyreuil"]
[Site "?"]
[Date "2006.05.13"]
[Round "8"]
[White "Mengus, Michel"]
[Black "Simone, Herve"]
[Result "1/2-1/2"]
[WhiteElo "1710"]
[BlackElo "1600"]
[PlyCount "80"]
[EventDate "2006.01.28"]
[SourceDate "2005.11.05"]

1. e4 e6 2. d4 d5 3. Be3 dxe4 4. f3 exf3 5. Nxf3 Nf6 6. Bd3 Nc6 7. Qd2 Ng4 8.
O-O Nxe3 9. Qxe3 Be7 10. c3 O-O 11. Nbd2 f5 12. Bc4 Qd6 13. Rae1 Rf6 14. Ng5
Rh6 15. Ndf3 Bxg5 16. Qxg5 Bd7 17. Ne5 Nxe5 18. Rxe5 Kh8 19. Rfe1 Rg6 20. Qh5
Qc6 21. Qe2 Re8 22. Bb5 Qd6 23. Bxd7 Qxd7 24. d5 Rf6 25. Qc4 h6 26. Kf2 Kh7 27.
Kf3 exd5 28. Rxd5 Qf7 29. Rxe8 Qxe8 30. Qd3 Qh5+ 31. Kf2 Qh4+ 32. Kf1 Qf4+ 33.
Kg1 Kg6 34. Qe2 Rb6 35. Qe8+ Kg5 36. h4+ Qxh4 37. Qe7+ Rf6 38. Qxg7+ Kh5 39.
Qe7 Qe4 40. Re5 Qc6 1/2-1/2

[Event "Open Qualificatif Meyreuil"]
[Site "?"]
[Date "2006.06.03"]
[Round "9"]
[White "Gozzo, Jean-Claude"]
[Black "Torelli, Roger"]
[Result "0-1"]
[WhiteElo "1690"]
[BlackElo "1499"]
[PlyCount "62"]
[SourceDate "2005.11.05"]

1. d4 e6 2. e3 Nf6 3. Bd3 b6 4. f4 Bb7 5. Nf3 c5 6. c3 Be7 7. Nbd2 Nd5 8. Ne4
f5 9. Neg5 Nf6 10. O-O Ng4 11. h3 Nf6 12. Ne5 O-O 13. Bc2 Be4 14. Bxe4 Nxe4 15.
Nxe4 fxe4 16. Qc2 d5 17. Bd2 Qe8 18. Qd1 Nc6 19. Nxc6 Qxc6 20. Qg4 c4 21. f5
Rxf5 22. Rxf5 exf5 23. Qxf5 Rf8 24. Qg4 g6 25. Rf1 Rxf1+ 26. Kxf1 Qf6+ 27. Ke2
Qg5 28. Qe6+ Kf8 29. g4 Qf6 30. Qxd5 Qf3+ 31. Ke1 Bh4# 0-1

[Event "Open Qualificatif Meyreuil"]
[Site "?"]
[Date "2006.06.03"]
[Round "9"]
[White "Bordenave, Robert"]
[Black "Navarro, Bertrand"]
[Result "0-1"]
[WhiteElo "1780"]
[BlackElo "1570"]
[PlyCount "116"]
[SourceDate "2005.11.05"]

1. d4 d6 2. Nf3 g6 3. Bf4 Bg7 4. e3 Nd7 5. Be2 e5 6. Bg3 Nh6 7. dxe5 dxe5 8. c3
Nf5 9. e4 Nxg3 10. hxg3 O-O 11. Qc2 a6 12. a4 c6 13. Nbd2 Rb8 14. a5 b5 15.
axb6 Nxb6 16. O-O Ra8 17. Rfd1 Qc7 18. Nc4 Nxc4 19. Bxc4 Rd8 20. Ng5 Rf8 21.
Qe2 a5 22. b3 Qe7 23. Nf3 Bg4 24. Qe3 Bxf3 25. gxf3 Rfd8 26. Rxd8+ Qxd8 27. Qc5
Qc7 28. Rd1 Bf8 29. Qe3 a4 30. bxa4 Rxa4 31. Bf1 Qa5 32. Qd3 Ra3 33. Rc1 Bc5
34. Rc2 Bd4 35. Qc4 Rxc3 36. Rxc3 Qxc3 37. Qxc3 Bxc3 38. Bc4 Kf8 39. Kf1 Ke7
40. Ke2 Bd4 41. f4 exf4 42. gxf4 f6 43. f3 h5 44. Kd2 h4 45. Bf1 Kd6 46. Kd3
Kc5 47. Bh3 Bf2 48. Kc3 Bg3 49. f5 g5 50. Bf1 Bf2 51. Bg2 Kd6 52. Kd3 Ke5 53.
Bh3 c5 54. Kc4 Kf4 55. Bg4 Bd4 56. Kd3 Kg3 57. Ke2 h3 58. Kf1 h2 0-1

[Event "Open Qualificatif Meyreuil"]
[Site "?"]
[Date "2006.06.03"]
[Round "9"]
[White "Montanelli, Tristan"]
[Black "Simone, Herve"]
[Result "1-0"]
[WhiteElo "1499"]
[BlackElo "1600"]
[PlyCount "137"]
[EventDate "2006.01.28"]
[SourceDate "2005.11.05"]

1. d4 e6 2. Nf3 d5 3. Bf4 c5 4. e3 Nc6 5. Nbd2 Qb6 6. dxc5 Bxc5 7. Rb1 Nf6 8.
c3 O-O 9. Bd3 h6 10. b4 Be7 11. b5 Na5 12. O-O Nh5 13. Ne5 Nxf4 14. exf4 Qc7
15. Qf3 Bd6 16. Rfe1 b6 17. Qh3 Bb7 18. Re3 f5 19. c4 dxc4 20. Ndxc4 Nxc4 21.
Bxc4 Rf6 22. Rc1 Qe7 23. Rce1 Rc8 24. Bb3 Bb4 25. Rd1 Rd8 26. Red3 Rxd3 27.
Rxd3 Bd6 28. Qe3 Bxe5 29. Qxe5 Rg6 30. g3 Be4 31. Rd6 Kf7 32. f3 Bb1 33. Rd1
Bxa2 34. Bxa2 Qb7 35. Qxf5+ Rf6 36. Qe4 Qc7 37. f5 Qc5+ 38. Kg2 Qxf5 39. Bxe6+
Qxe6 40. Qb7+ Kg6 41. Rd4 Qe2+ 42. Kh3 Qe6+ 43. Rg4+ Kf5 44. Qxg7 Ke5 45. Qc7+
Kd5 46. Qc4+ Kd6 47. Kg2 Qxc4 48. Rxc4 Rf5 49. Rc6+ Ke7 50. Rxh6 Rxb5 51. Rh7+
Kf6 52. Rxa7 Rb2+ 53. Kh3 b5 54. Rb7 b4 55. Kg4 Rxh2 56. Rxb4 Rf2 57. Rb6+ Kf7
58. f4 Rf1 59. Kf5 Rf3 60. g4 Kg7 61. Kg5 Re3 62. Rb7+ Kf8 63. Kf6 Re8 64. f5
Rd8 65. Kg6 Re8 66. f6 Rd8 67. Rh7 Kg8 68. f7+ Kf8 69. Rh8+ 1-0

[Event "Open Qualificatif Meyreuil"]
[Site "?"]
[Date "2006.06.03"]
[Round "9"]
[White "Alpe, Jean-Charles"]
[Black "Terrien, Claude"]
[Result "1-0"]
[WhiteElo "1580"]
[BlackElo "1700"]
[PlyCount "119"]
[EventDate "2006.01.28"]
[SourceDate "2005.11.05"]

1. c4 Nf6 2. Nc3 d5 3. cxd5 Nxd5 4. g3 e6 5. Bg2 Be7 6. Nf3 Nd7 7. O-O O-O 8.
d3 N7f6 9. a3 b6 10. Bd2 Bb7 11. b4 c5 12. bxc5 Bxc5 13. d4 Be7 14. e3 Rc8 15.
Nxd5 Nxd5 16. Qb3 Bd6 17. e4 Ne7 18. e5 Bb8 19. Bb4 Re8 20. Bxe7 Rxe7 21. Rfc1
Rec7 22. Qb2 Bd5 23. Rxc7 Rxc7 24. Rc1 Qc8 25. Rxc7 Qxc7 26. Nd2 Qc6 27. Bxd5
Qxd5 28. Qc3 Qd7 29. Ne4 h6 30. Kf1 Kf8 31. Qb4+ Ke8 32. Ke2 Qc6 33. Kd3 a5 34.
Qc4 Kd7 35. a4 Bc7 36. Qxc6+ Kxc6 37. Kc4 Bb8 38. f4 Bc7 39. h4 Bd8 40. Nd6 f6
41. Nf7 Be7 42. exf6 Bxf6 43. h5 Be7 44. Ne5+ Kb7 45. Kb5 Bd8 46. Ng6 Bf6 47.
Nf8 Bxd4 48. Nxe6 Bf2 49. Nxg7 Bxg3 50. f5 Be5 51. Ne6 Bf6 52. Nf8 Bg7 53. Nd7
Kc7 54. Nxb6 Kd6 55. Kxa5 Ke5 56. Kb5 Kxf5 57. a5 Be5 58. Nd7 Bd4 59. Nc5 Be5
60. Kc6 1-0

[Event "Open Qualificatif Meyreuil"]
[Site "?"]
[Date "2006.06.03"]
[Round "9"]
[White "Mengus, Michel"]
[Black "Scamaroni, Jean-Paul"]
[Result "0-1"]
[WhiteElo "1710"]
[BlackElo "1730"]
[PlyCount "152"]
[EventDate "2006.01.28"]
[SourceDate "2005.11.05"]

1. e4 c5 2. Nf3 d6 3. d4 cxd4 4. Nxd4 Nf6 5. Nc3 a6 6. Bg5 e6 7. f4 b5 8. e5
dxe5 9. fxe5 Qc7 10. Qe2 Nfd7 11. O-O-O h6 12. Bh4 Nc5 13. Ncxb5 axb5 14. Nxb5
Qb6 15. Rd8+ Qxd8 16. Bxd8 Kxd8 17. Qf3 Rxa2 18. Kb1 Ra4 19. Qxf7 Nbd7 20. Nd6
Nxe5 21. Qe8+ Kc7 22. Nxc8 Ra8 23. Be2 Rxc8 24. Qh5 Bd6 25. Rd1 Rb8 26. Qh4 Rb6
27. Qg3 g5 28. Qe3 Ned7 29. g3 Rhb8 30. Qc3 Rxb2+ 31. Qxb2 Rxb2+ 32. Kxb2 Be5+
33. Kc1 Ne4 34. Bc4 Ndc5 35. Rf1 Bf6 36. g4 Kd6 37. Kd1 Nc3+ 38. Kd2 N5e4+ 39.
Ke1 Bd4 40. Rf7 Nf6 41. h3 h5 42. gxh5 Nxh5 43. Rh7 Nf4 44. Bf1 Ne4 45. Rf7
Bc3+ 46. Kd1 Ng3 47. h4 Nxf1 48. hxg5 Ne3+ 49. Kc1 Ne2+ 50. Kb1 Nf5 51. Ka2 Bg7
52. Ka3 Nc3 53. Kb3 Kd5 54. Rxg7 Nxg7 55. Kxc3 Ke5 56. Kd3 Kf5 57. Kd4 Kxg5 58.
Ke5 Kg6 59. c4 Kf7 60. Kd6 Ne8+ 61. Ke5 Ke7 62. c5 Kd7 63. c6+ Ke7 64. Kd4 Kd6
65. Ke4 Kxc6 66. Ke5 Kd7 67. Kd4 Kd6 68. Ke4 e5 69. Ke3 Kd5 70. Kd3 e4+ 71. Ke3
Ke5 72. Kf2 Kd4 73. Ke2 e3 74. Ke1 Kd3 75. Kd1 e2+ 76. Ke1 Nd6 0-1

[Event "Open Qualificatif Meyreuil"]
[Site "?"]
[Date "2006.06.03"]
[Round "9"]
[White "Garcia, Robustiano"]
[Black "Schiano-Lomoriello, Didier"]
[Result "1-0"]
[WhiteElo "1680"]
[BlackElo "1499"]
[PlyCount "83"]
[EventDate "2006.01.28"]
[SourceDate "2005.11.05"]

1. d4 Nf6 2. c4 g6 3. Nc3 d5 4. cxd5 Nxd5 5. e4 Nxc3 6. bxc3 Bg7 7. Bc4 c5 8.
Be3 O-O 9. Ne2 cxd4 10. cxd4 Nc6 11. O-O e5 12. d5 Na5 13. Bd3 f5 14. f3 fxe4
15. fxe4 Rxf1+ 16. Qxf1 Qf6 17. Rc1 b6 18. Qxf6 Bxf6 19. Nc3 Bd7 20. Nb5 Bxb5
21. Bxb5 Nb7 22. Rc7 Nd6 23. Bc6 Rb8 24. Rxa7 Nxe4 25. Ra8 Rxa8 26. Bxa8 Bd8
27. a4 Kf8 28. Kf1 Ke8 29. Bc6+ Ke7 30. Bc1 Kd6 31. Ba3+ Nc5 32. Ke2 e4 33. g3
g5 34. Ke3 Bf6 35. Bxc5+ bxc5 36. Kxe4 Bd8 37. Kd3 Ke5 38. Kc4 Ke4 39. Kxc5 Kf3
40. d6+ Kg4 41. Kb5 Kh3 42. a5 1-0